| 000 | 00871nmm a22002537a 4500 | ||
|---|---|---|---|
| 005 | 20191224042320.0 | ||
| 008 | 170225b xxu||||| |||| 00| 0 spa d | ||
| 020 | _a9586981967 | ||
| 040 |
_aCO-BoIAVH _cCO-BoIAVH |
||
| 041 | _aspa | ||
| 044 | _ack | ||
| 090 |
_aMM _b00404 |
||
| 110 | 1 | _aColciencias | |
| 111 |
_aEncuentro (CAB) _cBogotá (Colombia) _dJunio 12 de 2006 _nEncuentro (Cab) |
||
| 245 | 1 |
_aProspectiva científica y tecnológica _bLos escenarios de futuros posibles de a educación terciaria para la transformación productiva y social con equidad en los Países del convenio Andres Bello |
|
| 257 | _aColombia | ||
| 260 |
_aBogotá Colombia _bColciencias _c2006 |
||
| 300 | _aCD-ROM | ||
| 490 | _aConvenio Andres Bello | ||
| 650 | 1 | 6 | _aEquidad |
| 650 | 1 | 6 | _aProductividad |
| 650 | 1 | 6 | _aSocial |
| 942 |
_2z _cCD-ROM |
||
| 999 |
_c19363 _d19363 |
||